Chronická pankreatitída: diagnostika a liečba

Bibliographic Details
Main Authors: Kužela, Ladislav, 1968- (Author), Oltman, Marián (Author), Novotná, Tatiana (Author), Vavrečka, Anton, 1938- (Author)
Format: Article
Language:Slovak
PhysicalDescription:Obr., tab.
ISSN:1335-4477
Subjects:

MARC

LEADER 00000nab a2200000 a 4500
001 vtls000839010
003 SK-MaSNL
005 20260304021639.0
008 140303c2003 xo 0 slo
015 |a SNBRB2003/07-18450 
035 |a CLN000190665 
040 |a SNKBUCL  |b slo  |c SNKBUCL  |e AACR2 
041 0 |a slo 
044 |a xo  |c SK 
080 |a 616.37-002.2-07-08  |2 1997 
100 1 |a Kužela, Ladislav,  |d 1968-  |4 aut  |9 205498 
245 1 0 |a Chronická pankreatitída: diagnostika a liečba  |c Ladislav Kužela ... [et al.] 
300 |b Obr., tab. 
650 0 7 |a pankreatitída chronická  |x diagnostika  |x liečba  |2 snkbucl  |9 1299772 
655 7 |a články z novín a časopisov  |2 snkbucl  |9 267496 
700 1 |a Oltman, Marián  |4 aut  |9 412394 
700 1 |a Novotná, Tatiana  |4 aut  |9 331528 
700 1 |a Vavrečka, Anton,  |d 1938-  |4 aut  |9 13898 
773 0 |t Zdravotnícke noviny  |g Roč. 8, č. 19 (2003)  |x 1335-4477 
773 0 |t [Príl.] Lekárske listy  |g Č. 19 (2003), s. 6-10  |x 1335-4477 
850 |a Slovenská národná knižnica v Martine 
852 |a SNK  |b KIS3GCP 
958 |a MI 
992 |a RBX 
999 |c 2606985  |d 2608915